| 000 | 01702nam0a2200325 4500 | ||
|---|---|---|---|
| 001 | RU\NLR\bibl\503706 | ||
| 005 | 20260407133925.0 | ||
| 010 |
_a5-88924-058-7 _97000 |
||
| 021 |
_aRU _b2004-7280 _9371 |
||
| 035 | _a(NLR Aleph) 000496280 | ||
| 090 |
_a1145270 _c1145270 |
||
| 100 | _a20040323d2004 |||y0rusy50 ca | ||
| 101 | 0 | _arus | |
| 102 | _aRU | ||
| 105 | _aa ||||||||| | ||
| 200 | 1 |
_a"Москвич" 2141-01, 21412-01, 214122 (1,7), 214123 (1,8), 2335, 23352, 233522 (1,7), 233523 (1,8) _eРуководство по эксплуатации, техн. обслуж. и ремонту _fКоллектив авт. з-да "АЗЛК" _g[Науч. ред. С.Н. Погребной] |
|
| 210 |
_aМ. _cТретий Рим _d2004 |
||
| 215 |
_a160, [8] с. _cил., цв. ил. _d28 |
||
| 225 | 1 |
_aМой автомобиль _eТехобслуживание. Эксплуатация. Ремонт |
|
| 606 | 0 |
_aАвтомобили "Москвич" 2141 _jРуководства, пособия и т.п. _xЭксплуатация _91051579 _3RU\NLR\auth\6688487 |
|
| 606 | 0 |
_a"Москвич" 2141, легковые автомобили _jРуководства, пособия и т.п. _xЭксплуатация _92097551 _3RU\NLR\auth\661268972 |
|
| 686 | _aО335.52-08я7"Москвич" | ||
| 702 | 1 |
_4340 _8rus _7ca _aПогребной _bС. Н. _gСергей Н. _3RU\NLR\auth\7787637 _970565 |
|
| 712 | 0 | 2 |
_4570 _aМосковский автомобильный завод им. Ленинского комсомола _3RU\NLR\AUTH\8810000371 _9497906 |
| 801 | 0 |
_aRU _bNLR _c20040323 _gPSBO |
|
| 801 | 1 |
_aRU _bNLR _c20040323 |
|
| 942 | _cBOOK | ||
| 980 | _aNB | ||